Biology and human concerns / (Record no. 11914)
[ view plain ]
| 000 -LEADER | |
|---|---|
| fixed length control field | 00474nam a2200181 a 4500 |
| 020 ## - INTERNATIONAL STANDARD BOOK NUMBER | |
| ISBN | 0697051056 (case) |
| 020 ## - INTERNATIONAL STANDARD BOOK NUMBER | |
| ISBN | 0697165388 (paper) |
| 040 ## - CATALOGING SOURCE | |
| Transcribing agency | DLC |
| 082 00 - DEWEY DECIMAL CLASSIFICATION NUMBER | |
| Classification number | 574 WCB 1993 AO31 Or. |
| 100 1# - MAIN ENTRY--AUTHOR NAME | |
| Personal name | Volpe, E. Peter |
| 245 10 - TITLE STATEMENT | |
| Title | Biology and human concerns / |
| 250 ## - EDITION STATEMENT | |
| Edition statement | 4th ed. |
| 260 ## - PUBLICATION, DISTRIBUTION, ETC. (IMPRINT) | |
| Place of publication | Dubuque, Iowa : |
| Name of publisher | W.C. Brown Publishers, |
| Year of publication | c1993. |
| 300 ## - PHYSICAL DESCRIPTION | |
| Number of Pages | xxii, 611 p. : |
| Other physical details | ill. (some col.) ; |
| Dimensions | 29 cm. |
| 650 #0 - SUBJECT ADDED ENTRY--TOPICAL TERM | |
| Topical Term | Biology. |
| 650 #0 - SUBJECT ADDED ENTRY--TOPICAL TERM | |
| Topical Term | Biology |
| 942 ## - ADDED ENTRY ELEMENTS (KOHA) | |
| Koha item type | សៀវភៅភាសាអង់គ្លេស |
| 952 ## - LOCATION AND ITEM INFORMATION (KOHA) | |
| Withdrawn status [LOCAL, KOHA] | 0 |
| Permanent Location | Date acquired | Koha item type | Lost status | Shelving location | Barcode | Current Location | Full call number |
|---|---|---|---|---|---|---|---|
| Library Block A | 2017-08-08 | សៀវភៅភាសាអង់គ្លេស | A031 | A15200 | Library Block A | 574 WCB 1993 AO31 Or. |